00678nam a2200169 i 4500001000700000003000900007005001700016008004100033080003600074100002900110245008800139260010100227300005800328600003300386710002900419852006000448187190ES-MaACL20250628050300.0170503s1984 ck cf |||| |bspa d a929 Piñeros Corpas, Joaquín1 aEspinosa Silva, Augusto.10aJoaquín Piñeros Corpas b: el caballero innumerable / cAugusto Espinosa Silva. aBogotá : b[Instituto Caro y Cuervo], c1984 (fImp. Patriótica del Instituto Caro y Cuervo) a149 p., [2] h. de lám., [16] p. de lám. ; c24 m.14aPiñeros Corpas, Joaquín.2 aInstituto Caro y Cuervo. aES-MaACLcDEPO2hDonat. herederos José PratjL-31524